000 00820 a2200229 4500
001 62485
005 20260407155918.0
008 260407a1994 arg spa d
003 AR-UNSa-BCEJYS
040 _aAR-UNSa-BCEJYS
_bspa
_cAR-UNSa-BCEJYS
080 _a338
_xSituación económica. Política económica. Gestión de la economía. Planificación de la economía. Producción. Servicios. Precios
245 1 0 _aEfectos de la desregulación sobre la competitividad de la producción argentina
020 _a978-950-694-354-7
264 1 _aBuenos Aires :
_bGrupo Editor Latinoamericano
_c1994
300 _a232 p.
_c23 cm.
041 _aspa
942 _cBK
590 _aniveau_biblio:m niveau_hierar:0
100 1 _aScheinkerman de Obschatko, Edith
700 1 _aSguiglia, Eduardo
700 1 _aDelgado, Ricardo
999 _c7679
_d7679